| 000 | 01391nam0a2200349 4500 | ||
|---|---|---|---|
| 001 | RU\NLR\bibl\1327287 | ||
| 005 | 20260406115720.0 | ||
| 010 |
_a978-5-91181-860-9 _95000 |
||
| 021 |
_aRU _b2008-99774 _95865 |
||
| 035 | _a(NLR Aleph) 001312557 | ||
| 090 |
_a688769 _c688769 |
||
| 100 | _a20090210d2008 |||y0rusy50 ca | ||
| 101 | 0 | _arus | |
| 102 | _aRU | ||
| 105 | _ay ||||||||| | ||
| 200 | 1 |
_a"Час невинного досуга" _e[эротическая лирика] _fАлександр Пушкин |
|
| 210 |
_aСанкт-Петербург _cАзбука-классика _d2008 |
||
| 215 |
_a269,[1] с. _d18 |
||
| 225 | 1 | _aАзбука-классика | |
| 320 | _aБиблиогр. в тексте и в подстроч. прим. | ||
| 327 | 1 | _aСодерж.: Гавриилиада; Стихотворения; Стихотворения, приписываемые А.С. Пушкину | |
| 333 | _a18+ | ||
| 606 | 1 |
_aЭротика _xв художественной литературе _91983626 _3RU\NLR\auth\661196074 |
|
| 686 | _aШ6(2=Р)51-5 | ||
| 700 | 1 |
_4070 _8rus _7ca _aПушкин _bА. С. _cпоэт _f1799-1837 _gАлександр Сергеевич _3RU\NLR\auth\77386 _9110441 |
|
| 801 | 0 |
_aRU _bNLR _c20090210 _gRCR |
|
| 801 | 1 |
_aRU _bNLR _c20090210 |
|
| 942 | _cBOOK | ||
| 980 | _aNB | ||
| 980 | _aSUPPRESS | ||